परिमळ (Record no. 104255)

MARC details
000 -LEADER
fixed length control field 00578nam a2200181Ia 4500
008 - FIXED-LENGTH DATA ELEMENTS--GENERAL INFORMATION
fixed length control field 090124s9999 xx 000 0 und d
082 ## - DEWEY DECIMAL CLASSIFICATION NUMBER
Item number 38248
100 ## - MAIN ENTRY--PERSONAL NAME
Personal name नायकवाडी केशवराव पी.
245 ## - TITLE STATEMENT
Title परिमळ
250 ## - EDITION STATEMENT
Edition statement 1
260 ## - PUBLICATION, DISTRIBUTION, ETC. (IMPRINT)
Name of publisher, distributor, etc गोमंतक मराठी अकादमी
Date of publication, distribution, etc 1999
300 ## - PHYSICAL DESCRIPTION
Extent 54
600 ## - SUBJECT ADDED ENTRY--PERSONAL NAME
Personal name नायकवाडी केशवराव पी.
630 ## - SUBJECT ADDED ENTRY--UNIFORM TITLE
Uniform title परिमळ
700 ## - ADDED ENTRY--PERSONAL NAME
Personal name नायकवाडी केशवराव पी.
730 ## - ADDED ENTRY--UNIFORM TITLE
Uniform title परिमळ
942 ## - ADDED ENTRY ELEMENTS (KOHA)
Koha item type Book
Holdings
Withdrawn status Lost status Damaged status Not for loan Home library Current library Date acquired Cost, normal purchase price Total Checkouts Full call number Barcode Date last seen Cost, replacement price Price effective from Koha item type
        Nagar Wachan Mandir, Thane Nagar Wachan Mandir, Thane   25.00   38248 THNNWM-38248 01/24/2009 25.00 01/24/2009 Book